Haïti pour les touristes... - Statistiques

Statistiques générales
  • Ce quiz a été pris 22 fois
  • Le résultat moyen est 9 sur 20
Statistiques - réponses
Question Indice Réponses % Correct
Quelles sont les langues officielles ? Créole
95%
Quelles sont les langues officielles ? Français
91%
Avez-vous besoin d'un visa ? (oui/non) Non
86%
La conduite se fait à droite ou à gauche ? Droite
68%
Achats à faire 3/ Alcool Rhum
68%
Quel est le climat local ? T Tropical
68%
Le principal aéroport est PAP Port-au-Prince
59%
Dans la capitale quel est le décalage horaire avec Paris ? (+ ou - et chiffre) ex - 10 - 6
50%
Quelle est la monnaie ? Gourde
50%
Combien d'heures (environ) mettrez-vous pour vous y rendre ? (en chiffres) 10
45%
La vitesse est limitée hors des villes à {80} km/h
45%
Quelles sont les principaux lieux touristiques ? V Ile à {Vache}
45%
Le suffixe internet est ht
36%
La religion majoritaire est Catholicisme
32%
Quelles sont les principaux lieux touristiques ? J Jacmel
32%
Achats à faire 2/ Scènes en bois de Coco
14%
Comment se nomme la principale compagnie aérienne locale S A Sunrise airways
14%
Quelles sont les principaux lieux touristiques ? A Côte des {Arcadins}
9%
Achats à faire 1/ Fer forgé... Peint
9%
Quelles sont les principaux lieux touristiques ? L V Parc national de {La Visite}
5%
Aucun quiz correspondant
Distribution des résultats
% des personnes avec chaque résultat
Percentile par nombre de réponses
Votre historique - résultats
Vous n’avez pas pris ce quiz